ბათუმის შოთა რუსთაველის სახელმწიფო უნივერსიტეტის ბიბლიოთეკა

ზემოსვანურ დიალექტთა მორფოსინტაქსური ანალიზის ზოგი ასპექტი : (ენგურისა და კოდორის ხეობათა მოსახლეობის მეტყველების მიხედვით) / (ბიბ.ჩანაწერი № 54863)

000 -ლიდერი
ფიქსირებული სიგრძის საკონტროლო ველი 02229nam a2200301Ia 4500
001 - საკონტროლო ნომერი
საკონტროლო ველი 21932
003 - საკონტროლო ნომრის იდენტიფიკატორი
საკონტროლო ველი GE_BSU
005 - ბოლო ოპერაციის თარიღი და დრო
საკონტროლო ველი 20220822141820.0
008 - ფიქსირებული სიგრძის მონაცემთა ელემენტები - ზოგადი ინფორმაცია
ფიქსირებული სიგრძის საკონტროლო ველი 181216s ||||ge |||||||||||||| ||geo||
020 ## - წიგნის საერთაშორისო სტანდარტული ნომერი
International Standard Book Number 9789941907951
040 ## - კატალოგიზაციის წყარო
Transcribing agency GE_BSU
041 ## - ენის კოდი
Language code of text/sound track or separate title geo
080 ## - უნივერსალური ათობითი კლასიფიკაციის ინდექსი
Universal Decimal Classification number 811.353.2'282 მ-29
100 ## - მთავარი ჩანაწერი - პიროვნების სახელი
Personal name მარგიანი-სუბარი, ქეთევან
9 (RLIN) 12
245 ## - ცნობა სათაურის შესახებ
Title ზემოსვანურ დიალექტთა მორფოსინტაქსური ანალიზის ზოგი ასპექტი : (ენგურისა და კოდორის ხეობათა მოსახლეობის მეტყველების მიხედვით) /
Remainder of title ქეთევან მარგიანი-სუბარი ;
Statement of responsibility, etc რედ. იზა ჩანტლაძე, თეიმურაზ გვანცელაძე ; ინგლისურენოვანი ტექსტის მთარგმნ. და რედ. ანა მესხი.
264 ## - წარმოების, გამოცემის, დისტრიბუციის და სხვა ცნობები
გამოცემის, წარმოების, დისტრიბუციის... ადგილი თბილისი :
გამოცემის, წარმოების, დისტრიბუციის... სახელწოდება წიგნობარის" გამ-ბა,
გამოცემის, წარმოების, დისტრიბუციის... თარიღი 2008-2009.
300 ## - ფიზიკური აღწერა
Extent 252 გვ. ;
Dimensions 20 სმ.
504 ## - BIBLIOGRAPHY, ETC. NOTE
Bibliography, etc ბიბლიოგრ.: გვ. 242-249
546 ## - LANGUAGE NOTE
Language note რეზიუმე ინგლისურ ენაზე
653 ## - INDEX TERM--UNCONTROLLED
Uncontrolled term ზემოსვანურ დიალექტთა მორფოსინტაქსური ანალიზის ზოგი ასპექტი : (ენგურისა და კოდორის ხეობათა მოსახლეობის მეტყველების მიხედვით)
653 ## - INDEX TERM--UNCONTROLLED
Uncontrolled term სვანური ენა
653 ## - INDEX TERM--UNCONTROLLED
Uncontrolled term სვანური ენის დიალექტები
700 ## - ADDED ENTRY--PERSONAL NAME
Personal name ჩანტლაძე, იზა
Relator term რედაქტორი
9 (RLIN) 14547
700 ## - ADDED ENTRY--PERSONAL NAME
Personal name გვანცელაძე, თეიმურაზ
Relator term რედაქტორი
9 (RLIN) 291
700 ## - ADDED ENTRY--PERSONAL NAME
Personal name მესხი, ანა
Relator term ინგლისურენოვანი ტექსტის მთარგმნელი და რედაქტორი
9 (RLIN) 6
942 ## - ADDED ENTRY ELEMENTS (KOHA)
Koha item type წიგნი
Source of classification or shelving scheme
ეგზემპლარები
ჩამოწერის სტატუსი დაკარგული ეგზემპლარის სტატუსი კლასიფიკაციის წყარო ან თაროზე გაწყობის სქემა დაზიანების სტატუსი არ გაიცემა მუდმივი მდებარეობა (დაცვის ადგილი) ამჟამინდელი ადგილსამყოფელი თაროზე განთავსების ადგილი შეძენის თარიღი ღირებულება, შესყიდვის ნორმალური ფასი სრული შენახვის შიფრი შტრიხკოდი ბოლო ოპერაციის თარიღი ეგზემპლარის მიმდევრობითი ნომერი (კეტერი?) ფასის ძალაში შესვლის თარიღი ეგზემპლარის სახეობა საჯარო შენიშვნა
          ბათუმის შოთა რუსთაველის სახელმწიფო უნივერსიტეტის მთავარი ბიბლიოთეკა ბათუმის შოთა რუსთაველის სახელმწიფო უნივერსიტეტის მთავარი ბიბლიოთეკა წიგნსაცავი 2018-12-17 8.00 811.353.2'282 მ-29 56654 2018-12-17 56654 2018-12-17 წიგნი 8.00 ₾.